|
|
|
|
| LEADER |
00000nam0a2200000 4500 |
| 001 |
25475 |
| 005 |
20231030201000.0 |
| 010 |
|
|
|a 506003464X
|
| 035 |
|
|
|a (RuTPU)RU\TPU\book\25711
|
| 035 |
|
|
|a BOOK00025786
|
| 090 |
|
|
|a 25475
|
| 100 |
|
|
|a 20011209d2001 m y0rusy50 ca
|
| 101 |
0 |
|
|a rus
|
| 102 |
|
|
|a RU
|
| 105 |
|
|
|a y j 001zy
|
| 200 |
1 |
|
|a Теория вероятностей и математическая статистика
|e учебное пособие для вузов
|f В. Е. Гмурман
|
| 205 |
|
|
|a 7-е изд., стер.
|
| 210 |
|
|
|a Москва
|c Высшая школа
|d 2001
|
| 215 |
|
|
|a 479 с.
|
| 320 |
|
|
|a Предм. указ.: с. 474-479.
|
| 451 |
|
1 |
|0 (RuTPU)RU\TPU\book\42587
|y 5-06-004214-6
|t Теория вероятностей и математическая статистика
|o учебное пособие
|f В. Е. Гмурман
|e 8-е изд., стер.
|c М.
|n Высшая школа
|d 2002
|p 479 с.
|a Гмурман, Владимир Ефимович
|
| 451 |
|
1 |
|0 (RuTPU)RU\TPU\book\14086
|y 5-06-003464-X
|t Теория вероятностей и математическая статистика
|o учебное пособие
|f В. Е. Гмурман
|e 7-е изд., стереотип.
|c М.
|n Высшая школа
|d 2000
|p 479 с.
|a Гмурман, Владимир Ефимович
|
| 610 |
1 |
|
|a математика
|
| 610 |
1 |
|
|a теория вероятностей
|
| 610 |
1 |
|
|a математическая статистика
|
| 610 |
1 |
|
|a случайные величины
|
| 610 |
1 |
|
|a Монте-Карло метод
|
| 610 |
1 |
|
|a цепи Маркова
|
| 610 |
1 |
|
|a случайные функции
|
| 610 |
1 |
|
|a учебные пособия
|
| 675 |
|
|
|a 519.2(075.8)
|v 3
|
| 700 |
|
1 |
|a Гмурман
|b В. Е.
|g Владимир Ефимович
|
| 801 |
|
0 |
|a RU
|b 63413507
|c 20011209
|g PSBO
|
| 801 |
|
2 |
|a RU
|b 63413507
|c 20180208
|g PSBO
|
| 900 |
|
|
|a Теория вероятности и математическая статистика
|
| 942 |
|
|
|c BK
|